|
|
|
|
| LEADER |
00000nam0a2200000 4500 |
| 001 |
345874 |
| 005 |
20231102005826.0 |
| 010 |
|
|
|a 5253002197
|
| 035 |
|
|
|a (RuTPU)RU\TPU\book\377727
|
| 090 |
|
|
|a 345874
|
| 100 |
|
|
|a 20210402d1992 km y0rusy50 ca
|
| 101 |
0 |
|
|a rus
|
| 102 |
|
|
|a RU
|
| 105 |
|
|
|a a z 001zb
|
| 200 |
1 |
|
|a Наполеон
|f Е. В. Тарле
|
| 210 |
|
|
|a Москва
|c Пресса
|d 1992
|
| 215 |
|
|
|a 640 с.
|c ил.
|
| 320 |
|
|
|a Указ. имен: с. 596-637
|
| 330 |
|
|
|a Книга известного советского историка Е. В. Тарле (1874— 1955) "Наполеон" рассказывает о жизни и деятельности Наполеона Бонапарта. Написанная живо и занимательно, рассчитана на широкий круг читателей.
|
| 600 |
|
0 |
|a Наполеон Бонапарт
|d I
|c король Италии, император Франции
|f 1769-1821
|2 stltpush
|3 (RuTPU)RU\TPU\pers\1394
|
| 606 |
1 |
|
|a Франция
|x История
|z 16 в.-1918
|2 stltpush
|3 (RuTPU)RU\TPU\subj\68058
|9 83596
|
| 610 |
1 |
|
|a 18 век
|
| 610 |
1 |
|
|a 19 век
|
| 610 |
1 |
|
|a Отечественная война 1812
|
| 610 |
1 |
|
|a политические деятели
|
| 610 |
1 |
|
|a войны
|
| 686 |
|
|
|a Т3(4Фра)5
|v LBC/SL-A
|2 rubbk
|
| 700 |
|
1 |
|a Тарле
|b Е. В.
|c российский историк
|f 1874-1955
|g Евгений Викторович
|2 stltpush
|3 (RuTPU)RU\TPU\pers\1327
|9 595
|
| 801 |
|
1 |
|a RU
|b 63413507
|c 20210402
|
| 801 |
|
2 |
|a RU
|b 63413507
|c 20210518
|g RCR
|
| 942 |
|
|
|c BK
|